| 000 | 02765nam0a2200481 4500 | ||
|---|---|---|---|
| 001 | RU\NLR\bibl\579532 | ||
| 005 | 20260405065844.0 | ||
| 010 |
_a5-225-04680-0 _bв пер. _9500 |
||
| 021 |
_aRU _b2004-29926 _91507 |
||
| 035 | _aRSL-KNO-002437576 | ||
| 035 | _a(NLR Aleph) 000571548 | ||
| 090 |
_a1595735 _c1595735 |
||
| 100 | _a20040525d2004 |||y0rusy50 ca | ||
| 101 | 0 |
_arus _deng _eeng |
|
| 102 | _aRU | ||
| 105 | _aa ||||||||| | ||
| 106 | _ar | ||
| 200 | 1 |
_aПоджелудочная железа: микрохирургическая и компьютерно-томографическая анатомия _dPancreas: microsurgical and computed-tomographic anatomy _fИ.И. Каган, Л.М. Железнов _zeng |
|
| 210 |
_aМ. _cМедицина _d2004 _eОренбург : ФГУП ИПК Южный Урал |
||
| 215 |
_a149, [1] с. _cил., цв. ил. _d22 |
||
| 300 | _aРез. на англ. яз. | ||
| 300 | _aАвт. также на англ. яз.: I.I. Kagan, L.M. Zheleznov | ||
| 320 | _aБиблиогр.: с. 130-146 | ||
| 510 | 1 |
_6z45790 _aPancreas: microsurgical and computed-tomographic anatomy _zeng |
|
| 606 | 0 |
_aПоджелудочная железа _xТопографическая анатомия _91930404 _3RU\NLR\auth\66881376 |
|
| 606 | 0 |
_aПоджелудочная железа _xКомпьютерная томография _92196727 _3RU\NLR\auth\661320223 |
|
| 610 | 0 | _aБиологические науки -- Эмбриология, анатомия и гистология человека -- Анатомия человека -- Органы пищеварения -- Поджелудочная железа | |
| 610 | 0 | _aЗдравоохранение. Медицинские науки -- Хирургия -- Абдоминальная хирургия -- Операции на органах брюшной полости. Топографическая анатомия | |
| 610 | 0 | _aподжелудочная железа | |
| 686 |
_aЕ863.95,0 _2rubbk |
||
| 686 |
_aр457.445,0 _2rubbk |
||
| 686 | _aР457.445.36 | ||
| 686 | _aР364.194.36 | ||
| 700 | 1 |
_4070 _8rus _7ca _aКаган _bИ. И. _cд-р мед. наук _f1929- _gИлья Иосифович _3RU\NLR\auth\7723520 _96573 |
|
| 701 | 1 |
_4070 _8rus _7ca _aЖелезнов _bЛ.М. _gЛев Михайлович _3RU\NLR\auth\7723524 _96577 |
|
| 790 | 1 |
_4070 _8rus _7ba _aKagan _bI. I. _cд-р мед. наук _f1929- _gIl'ja Iosifovič _3RU\NLR\auth\7723523 _96576 |
|
| 790 | 1 |
_4070 _8rus _7ba _aŽeleznov _bL.V. _gLev Michajlovič _3RU\NLR\auth\7723526 _96579 |
|
| 801 | 0 |
_aRU _bRuMoRKP _c20040525 _gPSBO |
|
| 801 | 1 |
_aRU _bRuMoRGB _c20040525 |
|
| 801 | 2 |
_aRU _bNLR _c20041202 _gPSBO |
|
| 942 | _cBOOK | ||
| 980 | _aNB | ||